|
|
|
|
| LEADER |
00000nab a2200000 a 4500 |
| 001 |
vtls000324253 |
| 003 |
SK-MaSNL |
| 005 |
20260318132558.0 |
| 008 |
111202c1987 xo 0 ger |
| 015 |
|
|
|a SNBRA19rr/mm-uuuuu
|
| 035 |
|
|
|a CL0324375
|
| 040 |
|
|
|a SNKBUCL
|b slo
|c SNKBUCL
|e AACR2
|
| 041 |
0 |
|
|a ger
|
| 044 |
|
|
|a xo
|c SK
|
| 080 |
|
|
|a 630:65.012.2
|2 1981
|
| 080 |
|
|
|a 65.012.2
|2 1981
|
| 100 |
1 |
|
|a Oesten, Gerhard
|4 aut
|9 1218786
|
| 245 |
1 |
0 |
|a Uber Wirtschaftsziele im Forstbetrieb
|c Gerhard Oesten
|
| 300 |
|
|
|b Res. slov.
|
| 650 |
0 |
7 |
|a lesné podniky
|2 snkbucl
|9 73850
|
| 655 |
|
7 |
|a články zo zborníkov
|2 snkbucl
|9 166140
|
| 773 |
0 |
|
|t Funkčne integrované obhospodarovanie lesov a komplexné využitie dreva
|d Zvolen : Edičné stredisko VŠLD, 1987
|g S. 169-178
|
| 850 |
|
|
|a Slovenská národná knižnica v Martine
|a MTA001
|
| 852 |
|
|
|a SNK
|b KIS3GCP
|
| 958 |
|
|
|a RK
|
| 992 |
|
|
|a RZB
|
| 999 |
|
|
|c 2136265
|d 2138195
|